000 01719nam a2200133Ia 4500
008 220615s9999||||xx |||||||||||||| ||und||
020 _a9783040000000
245 0 _aSpatio-Temporal Analysis of Urbanization Using GIS and Remote Sensing in Developing Countries
546 _aEnglish[eng]
650 _aLST||urban-rural gradient||sub-Saharan region||Addis Ababa||Ethiopia||cellular automata||spatial layout||transportation infrastructure||LUCC||spatial patterns||spatial differences||DMSP-OLS||China||India||landscape pattern||industrial rural area||rural landscape||landscape ecology||southern Jiangsu||land use and cover||land surface temperature||built-up land||agricultural land||gradient analysis||Nuwara Eliya||Sri Lanka||urban public space||environment||check-in data||social media platform||point of interest||urbanization||GIS||urban development zones||urban sustainability||regression analysis||GWR||fragmentation||non-agricultural conversion of rural land||urban green space||RSEI||remote sensing||ecological status||dynamic motoring||Pingtan Island||urban land expansion||spatial pattern||driving forces||Pearl River Delta||urban agglomeration||urban heat island||impervious surface area||biophysical composition index||coastal city||Xiamen||surface urban heat island||MODIS||land cover||habitat quality||spatiotemporal analysis||Yangtze River Delta Urban Agglomeration||urban planning||LULC change||transition matrix||systematic transition||Blantyre city||life quality index (LQI)||Kandy city||AHP||MCDM||COVID-19 pandemic||environmental quality||PM10 concentration||n/a
700 _aMurayama, Yuji||Simwanda, Matamyo||Ranagalage, Manjula
856 _uhttps://mdpi.com/books/pdfview/book/4701
942 _cEB
999 _c9487
_d9487